Automarken A-Z - Statistiken

Allgemein
  • Dieses Quiz wurde 1.405 mal gespielt
  • Das Durchschnittsergebnis liegt bei 16 aus 20
Antwortstatistiken
Buchstabe Marke % Korrekt
A Acura, Alfa Romeo, Aston Martin, Audi, AC Cobra
98%
B Bentley, Bugatti, BMW
98%
F Ferrari, Fiat, Fisker, Ford
97%
M Mahindra, Maserati, Maybach, Mazda, Mercedes-Benz, Mini, Mitsubishi, Morgan
96%
V Vauxhall, Volvo, VW
95%
L Lada, Lamborghini, Lancia, Land Rover, Lexus, Ligier, Lincoln, Lotus
92%
C Cadillac, Chevrolet, Chrysler, Citroën, Cupra
91%
O Opel
91%
H Holden, Hyundai, Honda
90%
P Pagani, Peugeot, PG, Piaggio, Porsche
90%
S Saab, Seat, Skoda, Smart, Subaru, Suzuki
87%
D Dacia, Dodge, Daihatsu, DS Automobiles
85%
J Jaguar, Jeep
83%
T Tesla, Toyota, Trabant, Triumph
81%
R Renault, Rolls-Royce
76%
K Kia, Koenigsegg
74%
N Nissan, Nio
70%
I Infiniti, Isuzu
37%
G GMC
24%
W Wiesmann
19%
Keine übereinstimmenden Quizze gefunden
Verteilung der Resultate
Anzahl Personen mit jedem Resultat
Perzentil nach korrekt beantworteten Fragen
Ihre Resultats-Entwicklung
Sie haben dieses Quiz noch nicht gespielt